Nauka o Polsce współczesnej (Record no. 16581)
[ view plain ]
| 000 -LEADER | |
|---|---|
| fixed length control field | 00936cam a22002531 4500 |
| 001 - CONTROL NUMBER | |
| control field | ca 30000100 |
| 003 - CONTROL NUMBER IDENTIFIER | |
| control field | DLC |
| 005 - DATE AND TIME OF LATEST TRANSACTION | |
| control field | 20260227111122.0 |
| 008 - FIXED-LENGTH DATA ELEMENTS--GENERAL INFORMATION | |
| fixed length control field | 840822s1920 xx 000 0 pol |
| 010 ## - LIBRARY OF CONGRESS CONTROL NUMBER | |
| LC control number | ca 30000100 |
| 035 ## - SYSTEM CONTROL NUMBER | |
| System control number | (OCoLC)14025850 |
| 040 ## - CATALOGING SOURCE | |
| Original cataloging agency | DLC |
| Transcribing agency | PSt |
| Modifying agency | DLC |
| 042 ## - AUTHENTICATION CODE | |
| Authentication code | premarc |
| 050 00 - LIBRARY OF CONGRESS CALL NUMBER | |
| Classification number | DK414 |
| Item number | .W55 |
| 100 1# - MAIN ENTRY--PERSONAL NAME | |
| Personal name | Witkowska, Helena |
| 245 10 - TITLE STATEMENT | |
| Title | Nauka o Polsce współczesnej |
| Statement of responsibility, etc. | Helena Witkowska i Ludomir Sawicki. |
| 260 ## - PUBLICATION, DISTRIBUTION, ETC. | |
| Place of publication, distribution, etc. | W Warszawie |
| Name of publisher, distributor, etc. | Wydawn. M. Arcta |
| Date of publication, distribution, etc. | 1920. |
| 300 ## - PHYSICAL DESCRIPTION | |
| Extent | 287 p. |
| Dimensions | 24 cm. |
| 500 ## - GENERAL NOTE | |
| General note | At head of title: Helena Witkowska i Ludomir Sawicki. |
| 504 ## - BIBLIOGRAPHY, ETC. NOTE | |
| Bibliography, etc. note | "Bibljografia": p.[283]-285 |
| 505 0# - FORMATTED CONTENTS NOTE | |
| Formatted contents note | Zimia (L. Sawicki).--Ludność (L. Sawicki).--Życie gospodarcze ziem polskich (L. Sawicki).--Kultura duchowa (H. Witkowska).--Państwo (H. Witkowska).--Ważniejsze zagadnienia polski współczesnej (H. Witkowska) |
| 651 #0 - SUBJECT ADDED ENTRY--GEOGRAPHIC NAME | |
| Geographic name | Poland. |
| 700 1# - ADDED ENTRY--PERSONAL NAME | |
| Personal name | Sawicki, Ludomir, |
| Dates associated with a name | 1884-1929. |
No items available.